00447nam a2200121Ia 4500008004100000245005700041245006300098260000900161650001200170856005100182999001900233952007300252171211s9999 xx 000 0 und d aApproaches to the History and Dialectology of Arabic cManuel Sartori, Manuela E. B. Giolfo, and Philippe Cassuto c2016 xCULTURE uhttp://down.ebook777.com/062/9789004311503.pdf c347841d347841 001040aCLbCLd2017-12-11l0r2017-12-11 00:00:00w2017-12-11yCBE